| 000 | 00514nam a2200217Ia 4500 | ||
|---|---|---|---|
| 003 | OSt | ||
| 005 | 20220928141305.0 | ||
| 006 | a|||||r|||| 00| 0 | ||
| 007 | ta | ||
| 008 | 220927b |||||||| |||| 00| 0 eng d | ||
| 024 | _a14281 | ||
| 037 | _cTextual | ||
| 040 |
_aSDCL _cSDCL _beng |
||
| 041 |
_2eng _aeng |
||
| 082 | _aV1:19(zB), L0 | ||
| 100 |
_aSingh I P _9433244 |
||
| 245 | 0 | _aDiplommetry | |
| 260 | _c1970 | ||
| 942 |
_hV1:19(zB), L0 _cTEXL _2CC |
||
| 999 |
_c816690 _d816690 |
||